ბათუმის შოთა რუსთაველის სახელმწიფო უნივერსიტეტის ბიბლიოთეკა

Medical physiology : (ბიბ.ჩანაწერი № 57370)

000 -LEADER
fixed length control field 01007cam a22002414a 4500
001 - CONTROL NUMBER
control field 14893814
005 - DATE AND TIME OF LATEST TRANSACTION
control field 20240415164628.0
008 - FIXED-LENGTH DATA ELEMENTS--GENERAL INFORMATION
fixed length control field 070614s2009 paua b 001 0 eng
010 ## - LIBRARY OF CONGRESS CONTROL NUMBER
LC control number 2007024910
020 ## - INTERNATIONAL STANDARD BOOK NUMBER
International Standard Book Number 9780781768528 X
041 ## - LANGUAGE CODE
Language code of text/sound track or separate title eng
080 ## - UNIVERSAL DECIMAL CLASSIFICATION NUMBER
Universal Decimal Classification number 612 M-46
245 00 - TITLE STATEMENT
Title Medical physiology :
Remainder of title principles for clinical medicine /
Statement of responsibility, etc. edited by Rodney A. Rhoades, David R. Bell.
250 ## - EDITION STATEMENT
Edition statement 3rd ed.
264 ## - PRODUCTION, PUBLICATION, DISTRIBUTION, MANUFACTURE, AND COPYRIGHT NOTICE
Place of production, publication, distribution, manufacture Philadelphia :
Name of producer, publisher, distributor, manufacturer Lippincott Williams & Wilkins,
Date of production, publication, distribution, manufacture, or copyright notice 2009.
300 ## - PHYSICAL DESCRIPTION
Extent 816 p. :
Other physical details ill. ;
Dimensions 28 cm.
653 ## - INDEX TERM--UNCONTROLLED
keyword სამედიცინო ფიზიოლოგია: კლინიკური მედიცინის პრინციპები
653 ## - INDEX TERM--UNCONTROLLED
keyword მედიცინა
700 1# - ADDED ENTRY--PERSONAL NAME
Personal name Rhoades, Rodney.
9 (RLIN) 8340
Relator term რედაქტორი
700 1# - ADDED ENTRY--PERSONAL NAME
Personal name Bell, David R.,
Dates associated with a name
9 (RLIN) 8341
Relator term რედაქტორი
856 ## - ELECTRONIC LOCATION AND ACCESS
Uniform Resource Identifier https://books.google.ge/books?id=tBeAeYS-vRUC&source=gbs_ViewAPI&redir_esc=y
Link text ელ. ვერსია
942 ## - ADDED ENTRY ELEMENTS (KOHA)
Source of classification or shelving scheme
Koha item type წიგნი
ეგზემპლარები
Withdrawn status Lost status Source of classification or shelving scheme Damaged status Not for loan Permanent Location Current Location Shelving location Date acquired Cost, normal purchase price Full call number Barcode Date last seen Copy number Price effective from Koha item type Public note
          ბათუმის შოთა რუსთაველის სახელმწიფო უნივერსიტეტის მთავარი ბიბლიოთეკა ბათუმის შოთა რუსთაველის სახელმწიფო უნივერსიტეტის მთავარი ბიბლიოთეკა წიგნსაცავი 2020-06-11 123.00 612 M-46 60575 2020-06-11 60575 2020-06-11 წიგნი 123 gel.
          ბათუმის შოთა რუსთაველის სახელმწიფო უნივერსიტეტის მთავარი ბიბლიოთეკა ბათუმის შოთა რუსთაველის სახელმწიფო უნივერსიტეტის მთავარი ბიბლიოთეკა წიგნსაცავი 2024-04-15 140.00 612 M-46 67833 2024-04-15 67833 2024-04-15 წიგნი 140.00